Laboratory Manual Field Operation And Maintenance Of Tractor And Farm Machinery ( FPM 301 ) (Record no. 1343)

MARC details
000 -LEADER
fixed length control field 00335nam a22001217a 4500
041 ## - LANGUAGE CODE
Language code of text/sound track or separate title ENG
100 ## - MAIN ENTRY--PERSONAL NAME
Personal name Wadhwa.D.S
245 ## - TITLE STATEMENT
Title Laboratory Manual Field Operation And Maintenance Of Tractor And Farm Machinery ( FPM 301 )
260 ## - PUBLICATION, DISTRIBUTION, ETC. (IMPRINT)
Place of publication, distribution, etc Ludhiana
Name of publisher, distributor, etc Punjab Agricultural Un
Date of publication, distribution, etc 1962
300 ## - PHYSICAL DESCRIPTION
Extent 72
650 ## - SUBJECT ADDED ENTRY--TOPICAL TERM
Topical term or geographic name as entry element FMP
856 ## - ELECTRONIC LOCATION AND ACCESS
Uniform Resource Identifier FMP ( 23 )
Holdings
Withdrawn status Lost status Source of classification or shelving scheme Damaged status Not for loan Home library Current library Shelving location Date acquired Total Checkouts Barcode Date last seen Price effective from Koha item type
    Dewey Decimal Classification     College of Agricultural Engineering and Technology, Dapoli , Library College of Agricultural Engineering and Technology, Dapoli , Library Book Cart 21/09/2021   003505 21/09/2021 21/09/2021 Books

Contact Us: College of Agricultural Engineering and Technology, Dapoli, Dist.- Ratnagiri
Website: https://dbskkv.org Email: caetlibrary2015@gmail.com